Quizzes
Events
Quiz Creation
Community
Videos
Private Events
Remove Ads
Sign In
Join for FREE
Feedback
Dark Mode
Quiz Categories
Sports
Geography
Music
Movies
Television
Just For Fun
Miscellaneous
History
Literature
Language
Science
Gaming
Entertainment
Religion
Holiday
For Kids
Quiz Lab
Recent
Popular Today
Quiz Kudos Today
Editor Picks
Curator Picks
Quizzes by...
Day
Popularity
Type
Ratings
Length
Year
Community
Subscriptions
Recent Discussions
Orange Saloon
Badges
Playlists
Quests
Create
Leaderboards
Showdown
Live 5
Trivia Bingo
Activity
Puzzle Library
Sporcle Events
Private Events
Virtual Trivia
Globe League
Become a Host
Pub Owners
SporcleCon
Opinionation
Our Games
Videos
Blog
Mobile Apps
Partnerships
Remove Ads and Go Orange
Feedback
Miscellaneous
Crossword
General Knowledge
Baby Names
Logo
Food
Cars
Numbers
Grab Bag
University
College
Popular
Company
Slogans
Restaurants
Justice
Letter
Miscellaneous
Crossword
General Knowledge
Baby Names
Logo
Food
Cars
Numbers
Grab Bag
University
College
Popular
Company
Slogans
Restaurants
Justice
Letter
Random Quiz
Search Sporcle
×
Quiz Lab
Quiz Lab
Miscellaneous
Computer
Type in answers that appear in a list
Type in answers that appear in a list
Classic
Best Score? Go Orange.
70s & 80s PCs (pics) Stats
Can you name the personal computers from the 70s and 80s?
By
AndyKing
5m
12 Questions
196 Plays
196 Plays
196 Plays
Comments
Comments
Give Quiz Kudos
Give Quiz Kudos
-
- Ratings
hide this ad
More Info
Replay
Link that replays current quiz
Next Quiz
Link to next quiz in quiz playlist
You Got
0%
They Got
Avg Score
43%
Avg Friend Score
Upgrade to see
Score Distribution
Jump to the score distribution portion of the page
Score
0/12
Timer
05:00
0
Plays Today
Year
PC
% Correct
1-
1977
Apple II
70.4%
11-
1984
Apple Macintosh
69.9%
9-
1982
Commodore 64
67.3%
7-
1981
IBM 5150
63.3%
12-
1987
Commodore Amiga 500
45.4%
3-
1977
Commodore PET
41.3%
2-
1977
Tandy TRS-80
37.8%
6-
1981
BBC Micro
33.7%
10-
1983
Compaq Portable
26%
8-
1981
Osborne 1
23.5%
4-
1979
Texas Instruments TI-99
22.4%
5-
1980
Sinclair ZX80
20.4%
Quiz Playlist
Details
Report
Send in Message
Add To Playlist
More Info:
These are pictures of personal computers from the 70s and 80s.
Classic:
Type in answers that appear in a list
Last Updated: Feb 16, 2017
Quiz Scoreboard
CHALLENGE
Sign Up to Join the Scoreboard
Show All
Scores
Hide
Comments
May contain spoilers
Recently Published
TV Characters by Other Roles V
by ghcgh
Television
5m
Decade Duel: World Leaders
by jenniferyan
History
4m
Alphabetical 'K' Countries by Flag Minefield
by ylime102
Geography
3m
More to Explore
Quiz From the Vault
Featured Blog Post
15 Basketball Trivia Facts You Can Be March Mad About
hide this ad
You Might Also Like...
Tags
Computer Quiz
Image Quiz
Today's Top Quizzes in Miscellaneous
Browse Miscellaneous
hide this ad
Today's Top Quizzes in Computer
Browse Computer
Top Contributed Quizzes in Miscellaneous
1
The JOE quick-fire general knowledge quiz: Day 166
2
Spring Months consonants
3
The JOE quick-fire general knowledge quiz: Day 165
4
Pick 6: Supreme Pizza
5
Pick 6: Vegetables
6
Four Seasons
7
Pick 6: University Mascots
8
Guess the 'S' Things in 3 Words
9
The JOE quick-fire general knowledge quiz: Day 164
10
Sporcle Acrostic Puzzle XXXV
Explore More
Trending Topics
Anime
Kpop
Marvel
Crossword
Harry Potter
Disney
NBA
Song
The Office
Soccer
WWE
NFL
Puzzle
Country
Pokémon
hide this ad
More By:
AndyKing
Quiz
Plays
Rating
Category
Featured
Created
Name the Sport by the Racket/Bat (pics)
250
5.00
Sports
Mar 15, 2011
70s & 80s PCs (pics)
196
4.00
Miscellaneous
Mar 4, 2011
Name the Sport by Bat/Racket (pics)
143
5.00
Just For Fun
Mar 4, 2011
Words missing letters abc/bcd/cde
45
5.00
Language
Feb 27, 2011
Go to Creator's Profile
Score Distribution
Quiz Creator Spotlight
AndyKing
Follow
Send a Message
Quizzes Created
-
Created Quiz Play Count
-
More By This Creator
Popular Quizzes Today
1
Countries of Asia Without Outlines Minefield
2
Find the US States - No Outlines Minefield
3
Pick 6: Fruits
4
The Countries of the World
5
Find the Countries of Europe - No Outlines Minefield
6
Alphabetical 'K' Countries by Flag Minefield
7
US States
8
Find the US States
More Miscellaneous Quizzes
15 in 15: Hard Liquor
Published
Trending Quizzes
Pick 6: Mountains
Pick 6: Harry Potter
Pick 6: NFL Teams
Pick 6: Flags
C Names for Actors
Recently Updated
Adaptations: Name the Title
pecheneg
NWSL Teams
pecheneg
Women's Final Four Teams by Year
bhenderson79
Presidents Quartet II
eogle
Anything But Clue(do)
eogle
Anything But Oceanian Capitals
eogle
Anything But 7
eogle
Anything But Thing
eogle
Word Ladder: February 29
pecheneg
Song Title Questions
pecheneg
Trending Topics
Marvel
Disney
Kpop
NBA
Anime
Crossword
Harry Potter
Pokémon
The Office
Soccer
WWE
Country
Puzzle
Song
NFL
Your Account Isn't Verified!
In order to create a playlist on Sporcle, you need to verify the email address you used during registration. Go to your
Sporcle Settings
to finish the process.
Report this User
Report this user for behavior that violates our
Community Guidelines
.
Details:
Send Report
Go to the Sporcle.com Mobile Site →
Comments